000 00984cam a22002534a 4500
020 _a1556524307 (hardback : alk. paper)
020 _a1556524315 (pbk. : alk. paper)
082 0 0 _a817
_bROU
245 0 0 _aAmerican humor :
_bthe best Black comedy from slavery to today /
_cedited by Mel Watkins ; foreword by Dick Gregory.
250 _a1st ed.
260 _aChicago, Ill. :
_bLawrence Hill Books,
_cc2002.
300 _axxv, 374 p. ;
_c24 cm.
500 _aIncludes index.
526 _a0
_b0
_c0
_d817_000000000000000_ROU
650 0 _aAfrican American proverbs.
_945940
650 0 _aAfrican American wit and humor.
_945941
650 0 _aAfrican Americans
_927253
650 0 _aAmerican prose literature
_xAfrican American authors.
_945942
650 0 _aMCE
_9379
700 1 _aWatkins, Mel,
_945943
856 4 2 _uhttp://www.loc.gov/catdir/enhancements/fy0727/2002002895-b.html
856 4 2 _uhttp://www.loc.gov/catdir/enhancements/fy0727/2002002895-d.html
942 _2ddc
_cBK
999 _c549332
_d549332